[Event "Mlada Boleslav Region-ch U14"]
[Site "Mlada Boleslav"]
[Date "2017.06.25"]
[Round "7"]
[White "Moulik, Jakub"]
[Black "Jirousek, Simon"]
[Result "1-0"]
[WhiteElo "1556"]
[BlackElo "1427"]
[PlyCount "111"]
[EventDate "2017.06.24"]
[EventType "swiss"]
[EventRounds "7"]
[EventCountry "CZE"]
[SourceTitle "CBM 179 Extra"]
[Source "ChessBase"]
[SourceDate "2017.08.23"]
[SourceVersion "1"]
[SourceVersionDate "2017.08.23"]
[SourceQuality "1"]

1. e4 c5 2. Nf3 a6 3. d4 cxd4 4. Qxd4 Nc6 5. Qd1 e5 6. Nc3 Nf6 7. Bg5 Bb4 8. Bd2 d5 9. exd5 Nxd5 10. Nxd5 Qxd5 11. Be2 Bxd2+ 12. Qxd2 Qxd2+ 13. Nxd2 Nd4 14. Bd3 0-0 15. 0-0-0 Be6 16. Rhe1 f6 17. Bc4 Bxc4 18. Nxc4 Rac8 19. Ne3 f5 20. c3 f4 21. Nc2 f3 22. g3 Ne2+ 23. Kb1 Rcd8 24. Ne3 h6 25. Rxd8 Rxd8 26. Rd1 Rxd1+ 27. Nxd1 Kf7 28. Kc2 Ke6 29. Kd3 Kd5 30. Ne3+ Ke6 31. Ke4 b5 32. Ng4 Nc1 33. Nxe5 Nxa2 34. Nxf3 b4 35. cxb4 Nxb4 36. Nd4+ Kf6 37. b3 g6 38. h3 Na2 39. f4 Nc3+ 40. Kf3 Nd5 41. g4 g5 42. fxg5+ hxg5 43. Nc6 Nc3 44. Nd4 a5 45. Kg3 a4 46. bxa4 Nxa4 47. h4 Ke5 48. Nf3+ Kf6 49. Nxg5 Nc5 50. Kf4 Ne6+ 51. Nxe6 Kxe6 52. Kg5 Kf7 53. Kh6 Kg8 54. g5 Kh8 55. g6 Kg8 56. g7 1-0

[Event "Mlada Boleslav Region-ch U14"]
[Site "Mlada Boleslav"]
[Date "2017.06.24"]
[Round "1"]
[White "Moulik, Jakub"]
[Black "Pravda, Petr"]
[Result "0-1"]
[WhiteElo "1556"]
[BlackElo "1261"]
[PlyCount "49"]
[EventDate "2017.06.24"]
[EventType "swiss"]
[EventRounds "7"]
[EventCountry "CZE"]
[SourceTitle "CBM 179 Extra"]
[Source "ChessBase"]
[SourceDate "2017.08.23"]
[SourceVersion "1"]
[SourceVersionDate "2017.08.23"]
[SourceQuality "1"]

1. e4 c5 2. Nf3 d6 3. Bb5+ Bd7 4. Bxd7+ Qxd7 5. Nc3 Nf6 6. d3 g6 7. Bg5 Bg7 8. Qd2 0-0 9. 0-0 Nc6 10. Bh6 Rad8 11. Bxg7 Kxg7 12. Rfe1 Rfe8 13. Rad1 e5 14. Nd5 Nxd5 15. exd5 Nb4 16. c4 Nxa2 17. Qa5 Nb4 18. Re2 b6 19. Qa3 Re7 20. Rde1 b5 21. Qb3 Rb8 22. h3 bxc4 23. dxc4 Qc7 24. Ra1 Nxd5 25. Qa3 0-1